|
|
|
|
| LEADER |
03427nam a2200565 4500 |
| 001 |
978-3-319-59381-4 |
| 003 |
DE-He213 |
| 005 |
20191022033044.0 |
| 007 |
cr nn 008mamaa |
| 008 |
170805s2018 gw | s |||| 0|eng d |
| 020 |
|
|
|a 9783319593814
|9 978-3-319-59381-4
|
| 024 |
7 |
|
|a 10.1007/978-3-319-59381-4
|2 doi
|
| 040 |
|
|
|d GrThAP
|
| 050 |
|
4 |
|a TK1-9971
|
| 072 |
|
7 |
|a TJK
|2 bicssc
|
| 072 |
|
7 |
|a TEC041000
|2 bisacsh
|
| 072 |
|
7 |
|a TJK
|2 thema
|
| 082 |
0 |
4 |
|a 621.382
|2 23
|
| 245 |
1 |
0 |
|a Smart Cities
|h [electronic resource] :
|b Applications, Technologies, Standards, and Driving Factors /
|c edited by Stan McClellan, Jesus A. Jimenez, George Koutitas.
|
| 250 |
|
|
|a 1st ed. 2018.
|
| 264 |
|
1 |
|a Cham :
|b Springer International Publishing :
|b Imprint: Springer,
|c 2018.
|
| 300 |
|
|
|a VII, 239 p. 56 illus., 44 illus. in color.
|b online resource.
|
| 336 |
|
|
|a text
|b txt
|2 rdacontent
|
| 337 |
|
|
|a computer
|b c
|2 rdamedia
|
| 338 |
|
|
|a online resource
|b cr
|2 rdacarrier
|
| 347 |
|
|
|a text file
|b PDF
|2 rda
|
| 505 |
0 |
|
|a Introduction -- Smart Buildings -- The Energy Layer -- The Sensor/Actuator Layer -- The Middleware Layer -- The Application Layer -- Conclusion.
|
| 520 |
|
|
|a This book reviews the applications, technologies, standards, and other issues related to Smart Cities. The book is divided into broad topical sections including Vision & Reality, Technologies & Standards, Transportation Considerations, and Infrastructure & Environment. In these sections, authors who are experts in their fields present essential aspects of applications, technologies, requirements, and best-practices. In all cases, the authors have direct, substantive experience with the subject and present an important viewpoint driven by industry or governmental interests; the authors have each participated in the development and/or deployment of constituent technologies, standards, and applications, and share unique perspectives on key areas of the Smart City.
|
| 650 |
|
0 |
|a Electrical engineering.
|
| 650 |
|
0 |
|a Power electronics.
|
| 650 |
|
0 |
|a Application software.
|
| 650 |
|
0 |
|a Energy policy.
|
| 650 |
|
0 |
|a Energy and state.
|
| 650 |
|
0 |
|a Energy efficiency.
|
| 650 |
1 |
4 |
|a Communications Engineering, Networks.
|0 http://scigraph.springernature.com/things/product-market-codes/T24035
|
| 650 |
2 |
4 |
|a Power Electronics, Electrical Machines and Networks.
|0 http://scigraph.springernature.com/things/product-market-codes/T24070
|
| 650 |
2 |
4 |
|a Information Systems Applications (incl. Internet).
|0 http://scigraph.springernature.com/things/product-market-codes/I18040
|
| 650 |
2 |
4 |
|a Energy Policy, Economics and Management.
|0 http://scigraph.springernature.com/things/product-market-codes/112000
|
| 650 |
2 |
4 |
|a Energy Efficiency.
|0 http://scigraph.springernature.com/things/product-market-codes/118000
|
| 700 |
1 |
|
|a McClellan, Stan.
|e editor.
|4 edt
|4 http://id.loc.gov/vocabulary/relators/edt
|
| 700 |
1 |
|
|a Jimenez, Jesus A.
|e editor.
|4 edt
|4 http://id.loc.gov/vocabulary/relators/edt
|
| 700 |
1 |
|
|a Koutitas, George.
|e editor.
|4 edt
|4 http://id.loc.gov/vocabulary/relators/edt
|
| 710 |
2 |
|
|a SpringerLink (Online service)
|
| 773 |
0 |
|
|t Springer eBooks
|
| 776 |
0 |
8 |
|i Printed edition:
|z 9783319593807
|
| 776 |
0 |
8 |
|i Printed edition:
|z 9783319593821
|
| 776 |
0 |
8 |
|i Printed edition:
|z 9783319866123
|
| 856 |
4 |
0 |
|u https://doi.org/10.1007/978-3-319-59381-4
|z Full Text via HEAL-Link
|
| 912 |
|
|
|a ZDB-2-ENG
|
| 950 |
|
|
|a Engineering (Springer-11647)
|